Quiz Cultura Generale - Quiz n°25 - Statistics

Statistiche generali
  • Questo quiz è stato fatto 204 volte
  • Il punteggio medio è 8 su 15
Statistiche sulle risposte
Domanda Risposta % Corretto
Quanti sono i componenti di una squadra di pallavolo? 6
98%
Qual è l'ultima nota musicale in ordine alfabetico? Sol
96%
Qual è il numero più alto nel gioco della tombola? 90
95%
Quale continente è il più grande produttore di cacao del mondo? Africa
72%
Nel gioco del basket, quanti punti vale un tiro libero? 1
71%
La presa di quale fortezza segna l'inizio della Rivoluzione francese? Presa della Bastiglia
67%
Di quale telegiornale è direttore Enrico Mentana? TG LA7
60%
Quanto vale il triplo di un terzo del quadrato di 3? 9
59%
Come è detta l'unione di due vocali che si pronunciano in una sola sillaba e sotto un solo accento? Dittongo
54%
Chi era il re di Troia nell'Iliade? Priamo
52%
Come sono detti gli animali le cui femmine depongono uova fecondate la cui crescita embrionale termina al di fuori dell'organismo materno? Ovovivipari
28%
Come è detto il manto lanoso che ricopre il corpo di un animale (es. pecora)? Vello
21%
Qual è la squadra di pallanuoto più titolata d'Italia? Pro Recco
17%
Come è detto l'esodo di Maometto dalla natia Mecca alla volta di Medina nel 622 d.C.? Egira
13%
A quale arcipelago appartiene l'Isola di Montecristo? Arcipelago Toscano
10%
Nessun quiz corrispondente trovato
Distribuzione punteggi
Percentuale di utenti per punteggio
Percentile per numero di risposta
I tuoi punteggi nel tempo
Non hai fatto questo quiz